Las Políticas sociales de México en los años noventa /

Uloženo v:
Podrobná bibliografie
Hlavní autor: Lerner Sigal, Bertha
Korporace: Universidad Nacional Autónoma de México, FLACSO
Další autoři: Cordera Campos, Rolando, Incháustegui, Teresa, Martínez F, Alicia Inés, Guerra Rodríguez, Carlos, Vilas, Carlos M., Millán, René, Váldes Ugalde, Francisco, Martínez Assad, Carlos, Gortari, Hira de, Ziccardi, Alicia, León, Sanuel, Gor
Médium: Neznámo
Vydáno: México, D.F: Plaza y Váldes
Témata:
Tagy: Přidat tag
Žádné tagy, Buďte první, kdo vytvoří štítek k tomuto záznamu!

MARC

LEADER 00000 a2200000 04500
001 26887
003
008 991231s d
040
090 |a 146503  
100 |a Lerner Sigal, Bertha  
110 |a Universidad Nacional Autónoma de México  
245 |a Las Políticas sociales de México en los años noventa /  |c Universidad Nacional Autónoma de México  
260 |a México, D.F:   |b Plaza y Váldes  
300 |a 511 p  
650 |a PARTICIPACION SOCIAL  
650 |a POLITICA GUBERNAMENTAL  
650 |a DESCENTRALIZACION  
650 |a TECNOCRACIA  
650 |a DEMOCRACIA  
650 |a PROBLEMAS SOCIALES  
650 |a NEOLIBERALISMO  
650 |a DESARROLLO SOCIAL  
650 |a ORGANIZACIONES POPULARES  
650 |a SOCIEDAD CIVIL  
650 |a ESTADO  
700 |a Cordera Campos, Rolando  
700 |a Incháustegui, Teresa  
700 |a Martínez F, Alicia Inés  
700 |a Guerra Rodríguez, Carlos  
700 |a Vilas, Carlos M.  
700 |a Millán, René  
700 |a Váldes Ugalde, Francisco  
700 |a Martínez Assad, Carlos  
700 |a Gortari, Hira de  
700 |a Ziccardi, Alicia  
700 |a León, Sanuel  
700 |a Gor  
710 |a FLACSO  
999 |c 9094  |d 9094